00459 2200169 4500001002100000005001500021008004100036020002200077035001900099041000700118082001000125090001600135100001900151245005400170260004200224300002300266INLIS00000000001652820241224115136241224||||||||| | ||| |||| || |  a978-602-262-137-9 0010-1224016528 aid0 a363.7 a363.7 LOH m0 aJohan Iskandar00aManusia & Lingkungan dengan berbagai perubahannya aYogyakartabCv.Graha Ilmu Muliac2014 a124 hlm,21 x 26 cm